[Event "Challenge"]
[Site "http://www.queenalice.com/game.php?id=430871"]
[Date "2008.7.10"]
[Round "-"]
[White "miguelnalexandre"]
[Black "bobby08"]
[Result "0-1"]
[WhiteElo "1664"]
[BlackElo "1685"]

1. e4 e6 2. d4 d5 3. e5 Nc6 4. Nf3 f6 5. Bd3 Nge7 6. Nc3 Ng6 7. O-O fxe5 8. dxe5
Ncxe5 9. Bg5 Be7 10. Bxe7 Qxe7 11. Nb5 O-O 12. Bxg6 Nxg6 13. Nbd4 c5 14. Nb3 b6
15. Nbd2 e5 16. c4 e4 17. cxd5 exf3 18. Nxf3 Bg4 19. d6 Qf6 20. Rb1 Bxf3 21.
gxf3 Nh4 22. b4 Qg5+ 23. Kh1 Qg2# 0-1

[Event "Challenge"]
[Site "http://www.queenalice.com/game.php?id=432214"]
[Date "2008.7.12"]
[Round "-"]
[White "bobby08"]
[Black "attachui"]
[Result "0-1"]
[WhiteElo "1301"]
[BlackElo "1760"]

1. e4 c5 2. c3 Nc6 3. Nf3 d6 4. d4 d5 5. e5 Bg4 6. Bb5 Qb6 7. a4 e6 8. O-O Ne7
9. Bg5 h6 10. Bxe7 Bxe7 11. Bxc6+ Qxc6 12. b3 O-O 13. Nbd2 cxd4 14. cxd4 f6 15.
Qb1 Bb4 16. h3 Bh5 17. g4 Be8 18. Ra2 Qb6 19. Nh4 Qxd4 20. Ndf3 Qf4 21. Nh2 fxe5
22. Ng6 Bxg6 23. Qxg6 e4 24. Qxe6+ Qf7 25. Qe5 Rae8 26. Qd4 a5 27. Rd1 Rd8 28.
Nf1 Qf3 29. Qe3 Qxd1 0-1

[Event "Chess game"]
[Site "http://www.queenalice.com/game.php?id=440429"]
[Date "2008.7.28"]
[Round "-"]
[White "danielramires"]
[Black "bobby08"]
[Result "0-1"]
[WhiteElo "1260"]
[BlackElo "1744"]

1. e4 e5 2. d4 exd4 3. Qxd4 Nc6 4. Qc3 Bb4 5. Qd2 Bxd2+ 6. Bxd2 Nf6 7. Nc3 O-O
8. O-O-O d5 9. Bg5 Qd6 10. Nb5 Qe5 11. Bd2 dxe4 12. Nh3 Bxh3 0-1

[Event "Challenge"]
[Site "http://www.queenalice.com/game.php?id=443582"]
[Date "2008.8.4"]
[Round "-"]
[White "bobby08"]
[Black "tewald"]
[Result "1-0"]
[WhiteElo "1622"]
[BlackElo "1852"]

1. e4 e6 2. d4 d5 3. e5 c5 4. Bb5+ Bd7 5. Bxd7+ Nxd7 6. c3 Qb6 7. Ne2 f6 8. exf6
Ngxf6 9. O-O Bd6 10. h3 O-O 11. b3 cxd4 12. Nxd4 e5 13. Nf5 Nc5 14. Nxd6 Qxd6
15. Ba3 Qc6 16. Nd2 Rf7 17. Nf3 Nfd7 18. Re1 Re8 19. Qc2 Ne4 20. Bb2 a5 21. c4
b5 22. Qd3 bxc4 23. bxc4 Qc5 24. Re2 Nef6 25. cxd5 Qxd5 26. Qxd5 Nxd5 27. Nxe5
Nxe5 28. Rxe5 Rxe5 29. Bxe5 a4 30. Rd1 Rd7 31. a3 Kf7 32. f4 g6 33. Kf2 Ke6 34.
Rd4 Ra7 35. g4 h6 36. Rc4 Ne7 37. Bg7 Ng8 38. Bf8 Ra8 39. Re4+ Kd5 40. Re5+ Kc6
41. Bb4 Kd7 42. f5 gxf5 43. Rxf5 Ke6 44. Bd2 Nf6 45. Bxh6 Ne4+ 46. Ke3 Nd6 47.
Rf4 Nb5 48. Bf8 Nc3 49. Kf3 Rd8 50. g5 Rd3+ 51. Kg4 Rd1 52. h4 Ra1 53. g6 1-0

[Event "Challenge"]
[Site "http://www.queenalice.com/game.php?id=443583"]
[Date "2008.8.4"]
[Round "-"]
[White "Aldino"]
[Black "bobby08"]
[Result "0-1"]
[WhiteElo "1703"]
[BlackElo "1524"]

1. e4 e6 2. d4 d5 3. e5 Nc6 4. c3 g6 5. Nf3 Bg7 6. Bg5 Nge7 7. Qd2 h6 8. Bf4 g5
9. Bg3 Nf5 10. Qe2 h5 11. h4 Nxg3 12. fxg3 g4 13. Nfd2 f6 14. exf6 Qxf6 15. Na3
Bd7 16. O-O-O a6 17. Qd3 Na7 18. Be2 O-O-O 19. Rhf1 Qe7 20. Nb3 Nb5 21. Nxb5
Bxb5 22. Qc2 Bxe2 23. Qxe2 Bh6+ 24. Nd2 Qd6 25. Qe5 Qxe5 26. dxe5 Rhf8 27. Rxf8
Rxf8 28. Kc2 Rf2 29. Kd3 Rxg2 30. a3 Rxg3+ 31. Kc2 Rg2 32. a4 Bf4 33. Kd3 Rxd2+
34. Rxd2 Bxd2 35. Kxd2 b5 36. a5 c5 37. Ke2 Kc7 38. Ke3 Kc6 39. Kf4 c4 0-1

[Event "Challenge"]
[Site "http://www.queenalice.com/game.php?id=443586"]
[Date "2008.8.4"]
[Round "-"]
[White "REZENDEBRASIL"]
[Black "bobby08"]
[Result "1-0"]
[WhiteElo "2111"]
[BlackElo "1746"]

1. c4 e5 2. e3 Nf6 3. Nc3 Bb4 4. Qc2 c6 5. Nf3 d6 6. Be2 Be6 7. O-O Nbd7 8. d4
e4 9. Nxe4 Bf5 10. Bd3 Bg4 11. Nfd2 d5 12. Nxf6+ Nxf6 13. f3 Bh5 14. cxd5 Nxd5
15. Ne4 O-O 16. Ng3 Bg6 17. Bxg6 fxg6 18. a3 Bd6 19. Ne4 Qe7 20. Nxd6 Qxd6 21.
e4 Nb6 22. Be3 Nd7 23. b4 b5 24. e5 Qd5 25. a4 Nb6 26. axb5 cxb5 27. Qe4 Qxe4
28. fxe4 Nc4 29. Rxf8+ Kxf8 30. Kf2 a6 31. d5 Nxe5 32. Bc5+ Ke8 33. Ke3 h5 34.
Kd4 Nc4 35. Rf1 a5 36. Rf8+ 1-0

[Event "Challenge"]
[Site "http://www.queenalice.com/game.php?id=443587"]
[Date "2008.8.4"]
[Round "-"]
[White "bobby08"]
[Black "JAYMAC10"]
[Result "0-1"]
[WhiteElo "1442"]
[BlackElo "1682"]

1. e4 d5 2. e5 Nc6 3. d4 g6 4. Nf3 Bg4 5. c3 f6 6. exf6 Nxf6 7. Be2 e5 8. O-O
exd4 9. Nxd4 Nxd4 10. Bxg4 Nxg4 11. Qxd4 Nf6 12. Re1+ Be7 13. Qxf6 Rf8 14. Qg7
Qd7 15. Bg5 O-O-O 16. Rxe7 Rfe8 17. Rxd7 Re1# 0-1

[Event "Challenge"]
[Site "http://www.queenalice.com/game.php?id=444042"]
[Date "2008.8.5"]
[Round "-"]
[White "MAGI"]
[Black "bobby08"]
[Result "0-1"]
[WhiteElo "1595"]
[BlackElo "1762"]

1. e4 e5 2. Nc3 Bb4 3. Qh5 Bxc3 4. dxc3 d6 5. Bc4 Qe7 6. Qf3 Be6 7. b3 Bxc4 8.
bxc4 Nc6 9. Qg4 f6 10. Nf3 Qf7 11. Bg5 fxg5 12. Nxg5 Qg6 13. Qe6+ Qxe6 14. Nxe6
Kd7 15. Nxg7 Nf6 16. O-O Nxe4 17. Rae1 Nxc3 18. f4 Rhg8 19. Nh5 Rgf8 20. fxe5
Rxf1+ 21. Rxf1 Nxe5 22. Nf6+ Kc6 23. Nxh7 Ng4 24. h3 Ne2+ 25. Kh1 Ng3+ 26. Kg1
Nxf1 27. Kxf1 Ne3+ 28. Ke2 Nxg2 29. Ng5 Re8+ 30. Kd3 Nf4+ 31. Kd4 Kd7 32. Ne4
c5+ 33. Ke3 Nxh3 34. Kd3 Nf4+ 35. Ke3 Ne2 36. Kf3 Nd4+ 37. Kf4 Rxe4+ 38. Kxe4
Nxc2 39. a4 Kc6 40. Kf5 Na3 41. Kf6 Nxc4 42. a5 Nxa5 43. Ke7 d5 0-1

[Event "Challenge"]
[Site "http://www.queenalice.com/game.php?id=444331"]
[Date "2008.8.6"]
[Round "-"]
[White "bobby08"]
[Black "JAYMAC10"]
[Result "1-0"]
[WhiteElo "1562"]
[BlackElo "1706"]

1. e4 e5 2. Nf3 d5 3. Nxe5 dxe4 4. Bc4 Qe7 5. Nxf7 Be6 6. Bxe6 Qxe6 7. Nxh8 Nd7
8. O-O Ne5 9. Qe2 O-O-O 10. Qxe4 Nf6 11. Qe3 Bd6 12. h3 Rxh8 13. d4 Nd5 14. Qe2
Re8 15. dxe5 Qxe5 16. Qxe5 Rxe5 17. Nc3 Nxc3 18. bxc3 Re2 19. Be3 Rxc2 20. Rfc1
Rb2 21. Bd4 b6 22. Bxg7 Bf4 23. Rd1 Bd6 24. Kf1 Rb5 25. a4 Rg5 26. Bd4 Rf5 27.
Rd3 c5 28. Be3 Kc7 29. Rad1 Rf6 30. Rxd6 Rxd6 31. Bf4 1-0

[Event "Challenge"]
[Site "http://www.queenalice.com/game.php?id=455382"]
[Date "2008.8.29"]
[Round "-"]
[White "ZUMBI"]
[Black "bobby08"]
[Result "0-1"]
[WhiteElo "1637"]
[BlackElo "1749"]

1. e4 e5 2. Nf3 Nc6 3. Nc3 Nf6 4. d4 exd4 5. Nxd4 Bb4 6. Bd2 Nxd4 7. Bc4 Nc6 8.
Nd5 Bxd2+ 9. Qxd2 Ne5 10. O-O-O Nxc4 11. Qb4 Nb6 12. Nxf6+ Qxf6 13. Kb1 d6 14.
Rhe1 O-O 15. h3 Qxf2 16. e5 dxe5 17. Rxe5 Bf5 18. Rc5 Rad8 19. Rxd8 Qf1+ 20. Rd1
Qxd1# 0-1

[Event "Challenge"]
[Site "http://www.queenalice.com/game.php?id=457740"]
[Date "2008.9.3"]
[Round "-"]
[White "bobby08"]
[Black "Brenno"]
[Result "0-1"]
[WhiteElo "1769"]
[BlackElo "1994"]

1. e4 e5 2. Nf3 Nc6 3. d4 exd4 4. Nxd4 Nf6 5. Nxc6 bxc6 6. Bd3 d6 7. O-O Be7 8.
Nc3 O-O 9. f4 Re8 10. h3 Bf8 11. b3 a5 12. g4 Ba6 13. g5 Nd7 14. Bxa6 Rxa6 15.
Qd3 Nc5 16. Qf3 Nd7 17. Bb2 Be7 18. h4 f6 19. Qh5 Rb6 20. Nd1 d5 21. e5 fxe5 22.
f5 Rb8 23. g6 Nf6 24. Qf3 Rb4 25. Bxe5 Bc5+ 0-1

[Event "Challenge"]
[Site "http://www.queenalice.com/game.php?id=457746"]
[Date "2008.9.3"]
[Round "-"]
[White "bobby08"]
[Black "ulisses34"]
[Result "1-0"]
[WhiteElo "1720"]
[BlackElo "1670"]

1. e4 e5 2. Nf3 d6 3. d4 Nd7 4. d5 Be7 5. Bd3 Ngf6 6. Nc3 a6 7. O-O h6 8. h3 Nb6
9. Nh2 Bd7 10. f4 O-O 11. f5 Nh7 12. Rf3 Ng5 13. Rg3 h5 14. Qxh5 Nh7 15. Ng4 Kh8
16. Nh2 Bf6 17. Nf3 Kg8 18. h4 Re8 19. Ng5 Nxg5 20. hxg5 Be7 21. Rh3 f6 22. Qh8+
1-0

[Event "Challenge"]
[Site "http://www.queenalice.com/game.php?id=457781"]
[Date "2008.9.3"]
[Round "-"]
[White "bobby08"]
[Black "ASB_enxadrista"]
[Result "1-0"]
[WhiteElo "1752"]
[BlackElo "1467"]

1. e4 e5 2. Nf3 Nc6 3. Bb5 a6 4. Bxc6 dxc6 5. Nxe5 Qg5 6. d4 Qxg2 7. Qf3 Qxf3 8.
Nxf3 Nf6 9. Nc3 Bb4 10. e5 Nd5 11. Bd2 Nxc3 12. Bxc3 Bxc3+ 13. bxc3 O-O 14. Rg1
f6 15. Ke2 Be6 16. Rg3 Bc4+ 17. Ke1 fxe5 18. Nxe5 Rae8 19. Re3 Bd5 20. c4 Be6
21. Rd1 b5 22. d5 cxd5 23. cxd5 Bh3 24. Rxh3 Rxe5+ 25. Re3 Rxe3+ 26. fxe3 Rf3
27. Ke2 1-0

[Event "Challenge"]
[Site "http://www.queenalice.com/game.php?id=458991"]
[Date "2008.9.6"]
[Round "-"]
[White "bobby08"]
[Black "Arianna"]
[Result "1-0"]
[WhiteElo "1752"]
[BlackElo "1089"]

1. e4 d6 2. Nf3 Bg4 3. Be2 c5 4. d3 a6 5. h3 Bxf3 6. Bxf3 Nd7 7. Nc3 Rc8 8. O-O
Rc6 9. Re1 b5 10. e5 d5 11. Nxd5 Rc8 12. e6 fxe6 13. Rxe6 Ngf6 14. Nxf6+ Nxf6
15. Qe2 h5 16. Bg5 Qd7 17. Bxf6 gxf6 18. Bxh5+ Kd8 19. Bg4 Rh4 20. Rxa6 f5 21.
Bf3 Ra4 22. Rxa4 bxa4 23. Qe5 Qd4 24. Qxf5 Qxb2 25. Qxf8+ Kd7 26. Bg4+ e6 27.
Bxe6+ Kxe6 28. Re1+ Kd7 29. Re7+ Kd6 30. Re8+ Kc6 31. Rxc8+ Kb5 32. Rb8+ Ka5 33.
Rxb2 a3 34. Qa8# 1-0

[Event "Challenge"]
[Site "http://www.queenalice.com/game.php?id=463797"]
[Date "2008.9.16"]
[Round "-"]
[White "bobby08"]
[Black "innokuo"]
[Result "0-1"]
[WhiteElo "1753"]
[BlackElo "2135"]

1. e4 e5 2. Nf3 Nc6 3. Bb5 a6 4. Bxc6 dxc6 5. O-O Bd6 6. d4 Bg4 7. Be3 Nf6 8.
Nbd2 exd4 9. Bxd4 Bf4 10. Bxf6 Qxf6 11. h3 Bxd2 12. Qxd2 Bxf3 13. gxf3 Qxf3 14.
Qe3 Qxe3 15. fxe3 O-O 16. Rf4 Rad8 17. Rf2 Rfe8 18. Raf1 f6 19. Rg2 Kf7 20. Rf4
Re5 21. Rfg4 g5 22. Rf2 Kg6 23. h4 h5 24. Rg3 g4 25. Rf4 Rd2 26. Rg2 Rd6 27. Kh2
Rde6 28. Re2 Rxe4 29. Rxe4 Rxe4 0-1

[Event "Challenge"]
[Site "http://www.queenalice.com/game.php?id=481063"]
[Date "2008.10.22"]
[Round "-"]
[White "bobby08"]
[Black "attachui"]
[Result "1-0"]
[WhiteElo "1746"]
[BlackElo "1866"]

1. e4 c5 2. Nf3 d6 3. d4 cxd4 4. Nxd4 Nf6 5. Nc3 e5 6. Bb5+ Bd7 7. Bxd7+ Nbxd7
8. Nf5 Rc8 9. Nxd6+ Bxd6 10. Qxd6 Rxc3 11. bxc3 Nxe4 12. Qa3 Qb6 13. Be3 Qc6 14.
O-O Qxc3 15. Qxa7 O-O 16. Qxb7 Ndf6 17. a4 Qxc2 18. a5 Ng4 19. a6 Qd3 20. a7
Nxe3 21. a8=Q Nxf1 22. Qxf8+ Kxf8 23. Ra8+ 1-0

[Event "Challenge"]
[Site "http://www.queenalice.com/game.php?id=481064"]
[Date "2008.10.22"]
[Round "-"]
[White "silverado"]
[Black "bobby08"]
[Result "1-0"]
[WhiteElo "1898"]
[BlackElo "1758"]

1. e4 d5 2. e5 e6 3. d4 c5 4. c3 cxd4 5. cxd4 Bb4+ 6. Nd2 Nc6 7. Nf3 Nge7 8. a3
Ba5 9. b4 Bb6 10. Bb2 a6 11. Bc3 O-O 12. Qc2 h6 13. Bd3 g6 14. g3 Bd7 15. Nb3
Rc8 16. Nc5 Bxc5 17. bxc5 Na7 18. Qd2 Nb5 19. Ba5 Qe8 20. Qxh6 1-0

[Event "Challenge"]
[Site "http://www.queenalice.com/game.php?id=481066"]
[Date "2008.10.22"]
[Round "-"]
[White "chuckvondra"]
[Black "bobby08"]
[Result "1-0"]
[WhiteElo "1979"]
[BlackElo "1771"]

1. e4 d5 2. e5 e6 3. d4 c5 4. c3 cxd4 5. cxd4 Bb4+ 6. Nc3 Nc6 7. Nf3 Nge7 8. Be2
O-O 9. O-O Nf5 10. a3 Ba5 11. b4 Bb6 12. Bg5 Qd7 13. Bb5 Qc7 14. Bxc6 Qxc6 15.
Rc1 Qe8 16. Qd3 h6 17. Bd2 Bd7 18. h3 a6 19. Rfe1 f6 20. g4 Ne7 21. exf6 Rxf6
22. g5 hxg5 23. Bxg5 Rf5 24. Bxe7 Qxe7 25. Qxf5 Rf8 26. Qd3 Qf6 27. Kg2 Bb5 28.
Nxb5 axb5 29. Re2 Qh6 30. Rce1 Rf6 31. Ne5 Rf5 32. Ng4 Qg5 33. Rxe6 Bc7 34. Re8+
Rf8 35. Rxf8+ Kxf8 36. Qxb5 Qg6 37. Qxd5 Qc2 38. Qc5+ Qxc5 39. dxc5 1-0

[Event "Challenge"]
[Site "http://www.queenalice.com/game.php?id=481067"]
[Date "2008.10.22"]
[Round "-"]
[White "bobby08"]
[Black "Lesser"]
[Result "1-0"]
[WhiteElo "1763"]
[BlackElo "1900"]

1. e4 e5 2. Nf3 Nc6 3. Bb5 Bc5 4. c3 Nge7 5. d4 exd4 6. cxd4 Bb6 7. O-O h6 8. d5
Na5 9. b4 Nac6 10. dxc6 bxc6 11. Bc4 O-O 12. Bb2 Bb7 13. Nh4 d5 14. exd5 Nxd5
15. Nf5 f6 16. Qg4 g5 17. Nxh6+ Kg7 18. Nf5+ Kg6 19. Nd4 Bc8 20. Bd3+ f5 21. Qg3
Bxd4 22. Bxd4 Nxb4 23. Qe3 Re8 24. Qd2 a5 25. Nc3 Nxd3 26. Qxd3 Ba6 27. Qd2 Bxf1
28. Kxf1 c5 29. Be3 Qxd2 30. Bxd2 c6 31. Na4 c4 32. Nb6 Red8 33. Nxa8 Rxa8 34.
Rc1 Rb8 35. Rxc4 1-0

[Event "Challenge"]
[Site "http://www.queenalice.com/game.php?id=481078"]
[Date "2008.10.22"]
[Round "-"]
[White "bobby08"]
[Black "peritezz"]
[Result "0-1"]
[WhiteElo "1809"]
[BlackElo "2184"]

1. e4 c5 2. Nf3 Nc6 3. Nc3 d6 4. Bb5 Bd7 5. O-O a6 6. Be2 g6 7. d4 cxd4 8. Nxd4
Bg7 9. Nxc6 Bxc6 10. Bd2 Nf6 11. f3 Qb6+ 12. Kh1 Qxb2 13. Rb1 Qa3 14. Rb3 Qc5
15. Bd3 O-O 16. Ne2 Rac8 17. c4 Ba4 18. Qb1 Bxb3 19. axb3 Nd7 20. Bc3 Ne5 21.
Nf4 e6 22. b4 Qe3 23. Bxe5 Bxe5 24. Ne2 Rc7 25. f4 Bf6 26. Ng1 Rb8 27. Rf3 Qa7
28. Qe1 b5 29. c5 dxc5 30. e5 Be7 31. h4 cxb4 32. h5 Rbc8 33. Ne2 Qc5 34. hxg6
hxg6 35. Qg3 Kg7 36. Qg4 Rh8+ 37. Rh3 Rcc8 38. f5 exf5 39. Bxf5 Qxe5 40. Bxc8
Rxc8 41. Qxc8 Bf8 42. Ng1 Qf6 43. Qc1 Kg8 44. Qe1 a5 45. Qe8 Qg5 46. Rf3 Qd5 47.
Nh3 b3 48. Ng5 b2 49. Nxf7 b1=Q+ 50. Kh2 Qbe4 51. Nh6+ Kh7 52. Qxf8 Qh5+ 53. Rh3
Qee5+ 54. Kg1 Qd1+ 55. Kf2 Qee1# 0-1

[Event "Challenge"]
[Site "http://www.queenalice.com/game.php?id=481080"]
[Date "2008.10.22"]
[Round "-"]
[White "TheBooth"]
[Black "bobby08"]
[Result "0-1"]
[WhiteElo "2020"]
[BlackElo "1784"]

1. e4 d5 2. e5 e6 3. d4 c5 4. c3 cxd4 5. cxd4 Bb4+ 6. Nc3 Nc6 7. Nf3 Nge7 8. Bg5
h6 9. Bh4 Qa5 10. Qc2 Nf5 11. Bd3 Nxh4 12. Nxh4 Nxd4 13. Qd2 Nb3 14. Bb5+ Bd7
15. Bxd7+ Kxd7 16. Qf4 Bxc3+ 17. bxc3 Qxc3+ 18. Ke2 Nd4+ 19. Kd1 Qc2+ 0-1